000 00673nam a2200241Ia 4500
003 OSt
005 20220918212928.0
006 a|||||r|||| 00| 0
007 ta
008 220917b |||||||| |||| 00| 0 eng d
024 _a130,792
037 _cTextual
040 _aARTS
_cARTS
_beng
041 _2eng
_aeng
082 _aX:3M24xM180rL70, M8
100 _aUchida Hiroshi
_9125188
245 0 _aMarx's grundrisse and Hegel's logic ed by Terrell Carver
260 _aLondon
_bRoutledge
_c1988
300 _axiv,166p.
_ccm.
650 _aECONOMICS
942 _hX:3M24xM180rL70, M8
_cTEXL
_2CC
999 _c253915
_d253915